Le pouvoir central et les pouvoirs locuse (Record no. 26973)

MARC details
000 -LEADER
campo de control de longitud fija 00552nam a2200157 i 4500
001 - NÚMERO DE CONTROL
campo de control 26973
003 - IDENTIFICADOR DE NÚMERO DE CONTROL
campo de control ES-MaACL
007 - CAMPO FIJO DE DESCRIPCIÓN FÍSICA--INFORMACIÓN GENERAL
campo de control de longitud fija t|
008 - DATOS DE LONGITUD FIJA--INFORMACIÓN GENERAL
campo de control de longitud fija 030113s1920 fr ||||1| fre d
100 1# - ENTRADA PRINCIPAL--NOMBRE DE PERSONA
Nombre de persona Ashley, Percy.
9 (RLIN) 23603
245 13 - MENCIÓN DEL TÍTULO
Título Le pouvoir central et les pouvoirs locuse
Resto del título : (Anglaterre, France, Prusse, Etats-Unis) /
Mención de responsabilidad, etc. par Percy Ashley ; traduit del anglais avec une préface del'autour par Louis Martin.
260 ## - PUBLICACIÓN, DISTRIBUCIÓN, ETC.
Lugar de publicación, distribución, etc. París :
Nombre del editor, distribuidor, etc. Marcel Giard,
Fecha de publicación, distribución, etc. 1920.
300 ## - DESCRIPCIÓN FÍSICA
Extensión XIV, 360 p. ;
Dimensiones 23 cm.
700 1# - ENTRADA AGREGADA--NOMBRE PERSONAL
Nombre de persona Martin, Louis.
9 (RLIN) 77338
852 ## - LOCALIZACIÓN
Ubicación ES-MaACL
Número de control de estantería B-3588
Holdings
Estatus retirado Estado de pérdida Estado de daño No para préstamo Biblioteca de origen Biblioteca actual Ubicación en estantería Fecha de adquisición Fuente de adquisición Total de préstamos Signatura topográfica completa Código de barras Visto por última vez Precio de reemplazo Tipo de ítem Koha
        Biblioteca del Ateneo de Madrid Biblioteca del Ateneo de Madrid Sala Pardo Bazán 17/01/2008     B-3588 1027842 23/02/2023 23/02/2023 Libro impreso